000 00530nam a2200193Ia 4500
005 20230411145744.0
008 131103s9999 xx 000 0 und d
040 _aLoreto College
041 _aEnglish
082 _a823.09
_bKET
100 _aKettle, Arnold
245 3 _aAn introduction to the english novel
_cArnold Kettle
260 _aNew Delhi
_bUniversal book stall
_c1969
300 _a2 V.
504 _aIncludes bibliographical references and index
650 _aEnglish fiction
850 _aLCLIB
942 _cBK
999 _c22154
_d72633